| 000 | 00886nam a22001337a 4500 | ||
|---|---|---|---|
| 999 |
_c524828 _d524828 |
||
| 008 | 240118b ||||| |||| 00| 0 eng d | ||
| 100 |
_aShriram, Ajay and Bahl, Ajay _942817 |
||
| 245 | _aIndia’s continued march towards ease of doing business | ||
| 260 | _aYojana | ||
| 300 | _a68(1), Jan, 2024: p.43-45 | ||
| 520 | _aThe Jan Vishwas ( Amendment of provisions) act, 2023 strives to strikes a balance between the severity of the violation and the gravity of the prescribed punishment. Many offences, which are either minor or technical or procedural in nature and for which the punishment prescribed was disproportionate, have been decriminalised under the JV act. The industry believes that he JV act is only the beginning and that may more statures are on the horizon that will provide additional comfort to the industry. – Reproduced | ||
| 773 | _aYojana | ||
| 942 | _cAR | ||